Music Quiz

Random Music or Song Quiz

Quick Pick: Al Green Songs Quiz Stats

 Plays Quiz not verified by Sporcle

Challenge
Share
Tweet
Embed
Score 0/10 Timer 01:00
0 Plays Today
% Correct
Being
96.5%
Let's
95.8%
Heart
95.4%
Happy
94.4%
Mend
94%
Still
93.7%
Love
93.3%
Ought
93.3%
Take
89.8%
Call
84.9%

You're not logged in!

Compare scores with friends on all Sporcle quizzes.
Join for Free
OR
Log In

You Might Also Like...

Show Comments

Extras

Top Quizzes Today


Score Distribution

Your Account Isn't Verified!

In order to create a playlist on Sporcle, you need to verify the email address you used during registration. Go to your Sporcle Settings to finish the process.

Report this User

Report this user for behavior that violates our Community Guidelines.

Details: